名字Top 40,000に出現する漢字 - Statistics

General Stats
  • This quiz has been taken 447 times
  • The average score is 47 of 60
Answer Stats
順位 解答 名字数 % Correct
1 2230
98%
1 約17,939,990人
98%
6 1074
96%
13 677
96%
24 492
96%
2 約8,691,250人
96%
3 約8,479,820人
96%
10 約5,516,580人
96%
4 1164
95%
5 約6,318,960人
95%
7 1045
92%
8 876
92%
9 約5,579,690人
92%
11 約4,816,170人
92%
10 851
90%
11 761
90%
6 約5,899,200人
90%
13 約3,625,860人
90%
12 725
89%
14 611
89%
7 約5,703,570人
89%
19 約2,694,260人
89%
2 1577
87%
4 約6,591,140人
87%
19 587
86%
17 約3,189,690人
85%
9 861
84%
30 451
84%
12 約4,042,680人
84%
29 約1,896,830人
84%
5 1127
82%
8 約5,692,390人
82%
27 約2,014,770人
82%
24 492
80%
15 約3,268,040人
80%
20 554
78%
29 西 460
78%
14 約3,317,700人
78%
18 約2,773,860人
78%
25 西 約2,259,350人
78%
27 470
76%
24 約2,434,030人
76%
23 約2,515,710人
75%
21 552
74%
21 約2,609,780人
74%
22 約2,547,440人
74%
22 537
72%
20 約2,674,770人
72%
3 1193
69%
16 約3,194,690人
69%
15 604
59%
28 約1,932,590人
59%
26 約2,065,100人
58%
18 591
55%
30 約1,833,820人
55%
28 462
37%
23 515
35%
16 596
30%
17 594
30%
26 476
24%
No matching quizzes found
Score Distribution
Percent of People with Each Score
Percentile by Number Answered
Your Score History
You have not taken this quiz